[Event "DRUGA LIGA CENTRALNE SRBIJE - Zapad"]
[Site "Vrnjacka banja"]
[Date "2013.??.??"]
[Round "2.4"]
[White "Bojovic, Zoran"]
[Black "Andjelic, Stevan"]
[Result "0-1"]
[WhiteElo "2106"]
[BlackElo "2098"]
[PlyCount "50"]
[EventDate "2013.10.10"]

1. e4 Nf6 2. Nc3 d5 3. exd5 Nxd5 4. Bc4 c6 5. Qf3 e6 6. a3 Nd7 7. Nge2 Ne5 8.
Qe4 Nxc4 9. Qxc4 Be7 10. d3 e5 11. Nxd5 cxd5 12. Qb5+ Qd7 13. Qxd7+ Bxd7 14.
Bd2 Rc8 15. c3 O-O 16. Be3 a6 17. Kd2 Rc6 18. Rac1 b5 19. f4 f6 20. h3 a5 21.
b4 Ra8 22. Rc2 axb4 23. axb4 d4 24. cxd4 Bxb4+ 25. Nc3 Bxc3+ 0-1

[Event "DRUGA LIGA CENTRALNE SRBIJE - Zapad"]
[Site "Vrnjacka banja"]
[Date "2013.??.??"]
[Round "2.4"]
[White "Radenkovic, Aleksa**"]
[Black "Kijanovic, Igor**"]
[Result "0-1"]
[WhiteElo "1934"]
[BlackElo "2053"]
[PlyCount "88"]
[EventDate "2013.10.10"]

1. e4 c5 2. c4 Nc6 3. Nc3 g6 4. g3 Bg7 5. Bg2 d6 6. d3 Nf6 7. Nge2 Bd7 8. O-O
O-O 9. h3 a6 10. Be3 Rb8 11. a4 Na5 12. e5 Ne8 13. exd6 exd6 14. Rb1 Nc6 15.
Qd2 Nc7 16. d4 cxd4 17. Nxd4 Nxd4 18. Bxd4 Be6 19. Bxg7 Kxg7 20. Qd4+ f6 21.
Rbd1 Qd7 22. Kh2 Rbd8 23. Rd2 b5 24. b3 bxc4 25. bxc4 Ne8 26. Rb1 Rf7 27. Rb6
Rc8 28. Bd5 Bxd5 29. cxd5 Re7 30. Rxa6 Qf5 31. Qd3 Qh5 32. Nb5 Re1 33. Rc6 Rb8
34. Qc3 Qf5 35. Qd3 Qh5 36. Kg2 Qe5 37. Rcc2 Qa1 38. Nd4 Rg1+ 39. Kf3 Qxa4 40.
Re2 Rb4 41. Ne6+ Kh6 42. Qe3+ g5 43. h4 Rxh4 44. Nxg5 Qg4# 0-1

[Event "DRUGA LIGA CENTRALNE SRBIJE - Zapad"]
[Site "Vrnjacka banja"]
[Date "2013.??.??"]
[Round "2.5"]
[White "Milosevic, Boban"]
[Black "Jevdjovic, Milorad"]
[Result "1/2-1/2"]
[WhiteElo "2273"]
[BlackElo "2260"]
[PlyCount "24"]
[EventDate "2013.10.10"]

1. e4 e6 2. d4 d5 3. exd5 exd5 4. Bd3 Bd6 5. Qf3 Ne7 6. Ne2 Nbc6 7. c3 Be6 8.
Nf4 Bxf4 9. Bxf4 Ng6 10. Be3 Qd7 11. Nd2 Nce7 12. Qe2 Bg4 1/2-1/2

[Event "DRUGA LIGA CENTRALNE SRBIJE - Zapad"]
[Site "Vrnjacka banja"]
[Date "2013.??.??"]
[Round "2.5"]
[White "Sevic, Slobodan"]
[Black "Avramovic, Zoran"]
[Result "1-0"]
[WhiteElo "2162"]
[BlackElo "2330"]
[PlyCount "85"]
[EventDate "2013.10.10"]

1. e4 e5 2. Bc4 Nf6 3. Qe2 Nc6 4. c3 Bc5 5. Nf3 O-O 6. O-O d6 7. h3 Be6 8. Bb3
Nh5 9. d4 exd4 10. cxd4 Bxb3 11. axb3 Bb6 12. Nc3 g6 13. Bh6 Re8 14. Rad1 Ng7
15. Nd5 f6 16. Qc4 Kh8 17. Rfe1 Na5 18. Qc3 Nc6 19. g4 Rf8 20. e5 fxe5 21. dxe5
Bxf2+ 22. Kxf2 Nxe5 23. Bxg7+ Kxg7 24. Rxe5 Rxf3+ 25. Kxf3 dxe5 26. Qxe5+ Kh6
27. Ne3 Qf8+ 28. Qf4+ Qxf4+ 29. Kxf4 Rf8+ 30. Kg3 Re8 31. Rd3 Re7 32. h4 Kg7
33. Nd5 Rf7 34. Re3 c6 35. Nf4 Rd7 36. Ne6+ Kf6 37. Nc5 Rc7 38. Kf4 h6 39. Ne4+
Ke6 40. g5 hxg5+ 41. Kxg5 Kf7 42. Nd6+ Kf8 43. Kxg6 1-0

[Event "DRUGA LIGA CENTRALNE SRBIJE - Zapad"]
[Site "Vrnjacka banja"]
[Date "2013.??.??"]
[Round "2.5"]
[White "Mircic, Ivan"]
[Black "Kiproski, Branislav**"]
[Result "1/2-1/2"]
[WhiteElo "2254"]
[BlackElo "2099"]
[PlyCount "120"]
[EventDate "2013.10.10"]

1. Nf3 Nf6 2. c4 c5 3. g3 Nc6 4. Bg2 d6 5. O-O g6 6. Nc3 Bg7 7. b3 Ne4 8. Bb2
Nxc3 9. Bxc3 e5 10. Ne1 Be6 11. Nc2 d5 12. d3 O-O 13. Qc1 f5 14. Qb2 a5 15.
Rad1 d4 16. Bd2 Qe7 17. a3 e4 18. b4 Bxc4 19. bxc5 Bd5 20. Qb5 Rfd8 21. Bf4 Be5
22. Bc1 a4 23. Nb4 Bb3 24. Rde1 Na7 25. Qb6 Rdb8 26. dxe4 Bc7 27. Bg5 Qd7 28.
Qf6 Bd8 29. Qe5 Bxg5 30. exf5 Re8 31. Bd5+ Bxd5 32. Qxd5+ Qxd5 33. Nxd5 Rac8
34. fxg6 Rxc5 35. gxh7+ Kxh7 36. Nb4 Bd2 37. Rb1 Re7 38. Rfd1 Bc3 39. Nd3 Rb5
40. Nf4 Ree5 41. Rbc1 Nc6 42. Kf1 Bb2 43. Rc4 Bxa3 44. Rxa4 Ra5 45. Rxa5 Rxa5
46. e3 Bb2 47. Rb1 Ra1 48. Rxa1 Bxa1 49. exd4 Nxd4 50. Nd5 Bb2 51. f4 b5 52.
Ke1 Ba3 53. Kd2 Nf3+ 54. Kc3 Bd6 55. h4 Kg6 56. Kb3 Nd4+ 57. Kc3 Ne2+ 58. Kd3
Nc1+ 59. Kc2 Ba3 60. g4 Ne2 1/2-1/2

[Event "DRUGA LIGA CENTRALNE SRBIJE - Zapad"]
[Site "Vrnjacka banja"]
[Date "2013.??.??"]
[Round "2.5"]
[White "Gavrilovic, Vasilije"]
[Black "Rancic, Zoran"]
[Result "0-1"]
[WhiteElo "2114"]
[BlackElo "2196"]
[PlyCount "74"]
[EventDate "2013.10.10"]

1. c4 e5 2. Nc3 Nf6 3. g3 d5 4. cxd5 Nxd5 5. Bg2 Be6 6. d3 Nc6 7. Nf3 Be7 8.
O-O O-O 9. Bd2 Re8 10. a3 Nb6 11. b4 a6 12. Rc1 Qd7 13. Re1 f6 14. Ne4 Rab8 15.
Qc2 Nd5 16. Nc5 Bxc5 17. Qxc5 Rbc8 18. b5 Nb8 19. bxa6 Nxa6 20. Qa5 c6 21. Red1
Ra8 22. e4 b6 23. Qa4 Nc5 24. Qc2 Nc7 25. Bb4 Bb3 26. Qe2 Bxd1 27. Rxd1 N5e6
28. Bh3 c5 29. Be1 Rxa3 30. Kg2 Rd8 31. d4 cxd4 32. Qb2 Rxf3 33. Qa2 Kh8 34.
Bg4 Rf4 35. gxf4 Nxf4+ 36. Kg3 Qb5 37. Qf7 Qf1 0-1

[Event "DRUGA LIGA CENTRALNE SRBIJE - Zapad"]
[Site "Vrnjacka banja"]
[Date "2013.??.??"]
[Round "2.5"]
[White "Dragojevic, Leon*"]
[Black "Markovic, Aleksandar**"]
[Result "0-1"]
[WhiteElo "1923"]
[BlackElo "2140"]
[PlyCount "74"]
[EventDate "2013.10.10"]

1. e4 c5 2. d4 cxd4 3. c3 dxc3 4. Nxc3 e6 5. Nf3 d6 6. Bc4 Nc6 7. O-O a6 8. Qe2
Qc7 9. Rd1 Be7 10. Bf4 Nf6 11. Rac1 O-O 12. Bb3 e5 13. Bg5 Bg4 14. Bxf6 Bxf6
15. Nd5 Qd8 16. h3 Nd4 17. Rxd4 Bxf3 18. Qxf3 exd4 19. Rc7 b5 20. Qg4 Kh8 21.
Rd7 Qc8 22. Nxf6 gxf6 23. Qf5 Qc1+ 24. Kh2 Qg5 25. Qf3 Qe5+ 26. g3 Rae8 27.
Rxf7 Rxf7 28. Bxf7 Rf8 29. Bd5 f5 30. Kg2 Rf6 31. Qd3 fxe4 32. Bxe4 d5 33. Bxh7
Qh5 34. Qxd4 Qf3+ 35. Kf1 Kxh7 36. Qh4+ Kg7 37. g4 Qh1+ 0-1

[Event "DRUGA LIGA CENTRALNE SRBIJE - Zapad"]
[Site "Vrnjacka banja"]
[Date "2013.??.??"]
[Round "2.5"]
[White "Trpkovic, Miroljub"]
[Black "Baralic, Milan"]
[Result "0-1"]
[WhiteElo "1950"]
[BlackElo "2147"]
[PlyCount "72"]
[EventDate "2013.10.10"]

1. e4 c5 2. Nf3 Nc6 3. c3 d5 4. exd5 Qxd5 5. Be2 Bg4 6. Na3 Nf6 7. O-O e6 8.
Nb5 Qd7 9. Na3 Be7 10. Nc4 Qc7 11. Re1 Rd8 12. h3 Bf5 13. Qa4 O-O 14. Ne3 Bd3
15. Bxd3 Rxd3 16. Nc4 Rd5 17. Ne3 Rd7 18. Nc4 Rd5 19. Ne3 Rd3 20. Nc4 Rfd8 21.
Nce5 Nxe5 22. Nxe5 R3d5 23. Nf3 a6 24. d4 cxd4 25. Nxd4 Nd7 26. Nf3 Nc5 27. Qc2
Nd3 28. Rf1 Bc5 29. Bg5 f6 30. Bh4 g5 31. b4 Ba7 32. c4 gxh4 33. Qe2 Nf4 34.
Qe4 f5 35. Qe1 Qxc4 36. Rc1 Ne2+ 0-1

[Event "DRUGA LIGA CENTRALNE SRBIJE - Zapad"]
[Site "Vrnjacka banja"]
[Date "2013.??.??"]
[Round "2.5"]
[White "Puaca, Goran"]
[Black "Dorontic, Zoran"]
[Result "1-0"]
[WhiteElo "2151"]
[BlackElo "2071"]
[PlyCount "55"]
[EventDate "2013.10.10"]

1. d4 Nf6 2. c4 g6 3. Nc3 Bg7 4. e4 d6 5. f3 O-O 6. Nge2 e5 7. Be3 Nc6 8. d5
Ne7 9. c5 Ne8 10. g4 f5 11. gxf5 gxf5 12. Qb3 Ng6 13. O-O-O Kh8 14. h4 Nxh4 15.
f4 Ng6 16. exf5 Bxf5 17. fxe5 Bxe5 18. Qxb7 Nf6 19. Nd4 Bxd4 20. Bxd4 Kg8 21.
Bd3 Bxd3 22. Rxd3 Qc8 23. Qc6 Qd7 24. Qa6 Ne5 25. Re3 Ng6 26. Re6 Nxd5 27.
Rxg6+ hxg6 28. Rh8+ 1-0